Österreichs Winterspiele-Gewinner pro Austragung - Statistiken

Allgemein
  • Dieses Quiz wurde 58 mal gespielt
  • Das Durchschnittsergebnis liegt bei 13 aus 24
Antwortstatistiken
Jahr Austragungsort # Gewinner*innen % Korrekt
2006 Turin 30 Christoph Bieler | Michail Botwinow | Michaela Dorfmeister (2) | Felix Gottwald (3) | Siegfried Grabner | Michael Gruber | Reinfried Herbst | Nicole Hosp | Martin Koch | Andreas Kofler (2) | Andreas Linger | Wolfgang Linger | Hermann Maier (2) | Alexandra Meißnitzer | Thomas Morgenstern (2) | Benjamin Raich (2) | Marlies Schild (2) | Rainer Schönfelder (2) | Mario Stecher | Michael Walchhofer | Andreas Widhölzl
91%
2014 Sotschi 27 Christoph Bieler | Thomas Diethart | Julia Dujmovits | Simon Eder | Anna Fenninger-Veith (2) | Bernhard Gruber | Michael Hayböck | Marcel Hirscher | Nicole Hosp (2) | Daniela Iraschko-Stolz | Benjamin Karl | Lukas Klapfer | Dominik Landertinger (2) | Andreas Linger | Wolfgang Linger | Mario Matt | Matthias Mayer | Daniel Mesotitsch | Thomas Morgenstern | Marlies Schild | Gregor Schlierenzauer | Mario Stecher | Christoph Sumann | Kathrin Zettel
91%
2018 Pyeongchang 26 Stephanie Brunner | Wilhelm Denifl | Madeleine Egle | Manuel Feller | Georg Fischler (2) | Katharina Gallhuber (2) | Anna Gasser | David Gleirscher (2) | Bernhard Gruber | Marcel Hirscher (2) | Lukas Klapfer (2) | Dominik Landertinger | Katharina Liensberger | Michael Matt (2) | Matthias Mayer | Peter Penz (2) | Marco Schwarz | Mario Seidl | Anna Veith
89%
2022 Peking 18 Madeleine Egle | Manuel Fettner | Anna Gasser | Lukas Greiderer | Alessandro Hämmerle | Benjamin Karl | Wolfgang Kindl | Stefan Kraft | Katharina Liensberger (2) | Matthias Mayer (2) | Mirjam Puchner | Teresa Stadlober | Thomas Steu | Johannes Strolz (2) | Daniela Ulbing
87%
1998 Nagano 20 Michaela Dorfmeister | Stephan Eberharter | Markus Gandler | Christian Hoffmann | Martin Höllwarth | Stefan Horngacher | Hans Knauß | Brigitte Köck | Hermann Maier (2) | Christian Mayer | Alexandra Meißnitzer | Angelika Neuner | Mario Reiter | Reinhard Schwarzenberger | Thomas Sykora | Hannes Trinkl | Andreas Widhölzl (2)
87%
2010 Vancouver 26 Simon Eder | Andrea Fischbacher | Elisabeth Görgl (2) | Felix Gottwald | Bernhard Gruber (2) | Benjamin Karl | Andreas Kofler | David Kreiner | Marion Kreiner | Dominik Landertinger | Andreas Linger | Wolfgang Linger | Wolfgang Loitzl | Andreas Matt | Daniel Mesotitsch | Thomas Morgenstern | Nina Reithmayer | Marlies Schild | Gregor Schlierenzauer (2) | Mario Stecher | Christoph Sumann (2)
85%
1994 Lillehammer 12 Elfriede Eder | Andreas Goldberger (2) | Stefan Horngacher | Emese Hunyady (2) | Heinz Kuttin | Christian Mayer | Christian Moser | Markus Prock | Thomas Stangassinger | Andrea Tagwerker
80%
1976 Innsbruck 7 Anton Innauer | Franz Klammer | Franz Schachner | Rudolf Schmid | Karl Schnabl (2) | Brigitte Totschnig
78%
1988 Calgary 12 Hansjörg Aschenwald | Günter Csar | Bernhard Gstrein | Michael Hadschieff (2) | Helmut Mayer | Hubert Strolz (2) | Klaus Sulzenbacher (2) | Anita Wachter | Sigrid Wolf
74%
2002 Salt Lake City 20 Christoph Bieler | Michail Botwinow | Stephan Eberharter (2) | Renate Götschl (2) | Felix Gottwald (3) | Michael Gruber | Christian Hoffmann | Wolfgang Perner | Markus Prock | Benjamin Raich (2) | Martin Rettl | Andreas Schifferer | Mario Stecher | Fritz Strobl
72%
1980 Lake Placid 8 Hans Enn | Georg Fluckinger | Anton Innauer | Annemarie Moser-Pröll | Hubert Neuper | Karl Schrott | Leonhard Stock | Peter Wirnsberger
70%
1968 Grenoble 15 Reinhold Bachler | Reinhold Durnthaler | Josef Eder | Herbert Gruber | Christl Haas | Herbert Huber | Alfred Matt | Heini Messner | Olga Pall | Baldur Preiml | Manfred Schmid (2) | Wolfgang Schwarz | Erwin Thaler | Ewald Walch
61%
1972 Sapporo 5 Wiltrud Drexel | Heini Messner | Annemarie Moser-Pröll (2) | Beatrix Schuba
52%
1992 Albertville 29 Ingo Appelt | Andreas Felder | Gerhard Haidacher | Martin Höllwarth (3) | Emese Hunyady | Stefan Kreiner | Petra Kronberger (2) | Heinz Kuttin (2) | Günther Mader | Angelika Neuner | Doris Neuner | Klaus Ofner | Patrick Ortlieb | Markus Prock | Markus Schmidt | Thomas Scholl | Klaus Sulzenbacher (2) | Michael Tritscher | Ernst Vettori (2) | Anita Wachter (2) | Veronika Wallinger | Harald Winkler
50%
1956 Cortina d'Ampezzo 12 Josefa Frandl | Dorothea Hochleitner | Anderl Molterer (2) | Kurt Oppelt | Toni Sailer (3) | Regina Schöpf | Walter Schuster | Sissy Schwarz | Ingrid Wendl
43%
1964 Innsbruck 17 Reinhold Durnthaler | Josef Feistmantl | Christl Haas | Traudl Hecher | Regine Heitzer | Adolf Koxeder | Josef Nairz | Karl Schranz | Reinhold Senn | Manfred Stengl | Pepi Stiegler (2) | Erwin Thaler | Helmut Thaler | Helene Thurner | Edith Zimmermann (2)
41%
1960 Squaw Valley 6 Traudl Hecher | Ernst Hinterseer (2) | Mathias Leitner | Otto Leodolter | Pepi Stiegler
35%
1984 Sarajevo 1 Anton Steiner
15%
1932 Lake Placid 2 Fritzi Burger | Karl Schäfer
15%
1924 Chamonix 4 Alfred Berger | Willy Böckl | Helene Engelmann | Herma Szabó
11%
1936 Garmisch-Partenkirchen 5 Felix Kaspar | Erik Pausin | Ilse Pausin | Karl Schäfer | Max Stiepl
11%
1948 St. Moritz 8 Franz Gabl | Resi Hammerer | Trude Jochum-Beiser (2) | Erika Mahringer (2) | Eva Pawlik | Edi Rada
11%
1952 Oslo 8 Trude Jochum-Beiser | Christian Pravda (2) | Dagmar Rom | Othmar Schneider (2) | Helmut Seibt | Toni Spiss
11%
1928 St. Moritz 6 Willy Böckl | Melitta Brunner | Fritzi Burger | Otto Kaiser | Lilly Scholz | Ludwig Wrede
11%
Keine übereinstimmenden Quizze gefunden
Verteilung der Resultate
Anzahl Personen mit jedem Resultat
Perzentil nach korrekt beantworteten Fragen
Ihre Resultats-Entwicklung
Sie haben dieses Quiz noch nicht gespielt